Farmers of India, V.2 : Madras, Andhra Pradesh, Mysore and Kerala (Record no. 357796)

MARC details
000 -LEADER
fixed length control field 004070000a22001690004500
060 ## - NATIONAL LIBRARY OF MEDICINE CALL NUMBER
Classification number 100
082 ## - DEWEY DECIMAL CLASSIFICATION NUMBER
Classification number 305.509 54 FAR.02
100 ## - MAIN ENTRY--PERSONAL NAME
Personal name Naidu, I.J.
100 ## - MAIN ENTRY--PERSONAL NAME
Personal name Randhawa, M S
100 ## - MAIN ENTRY--PERSONAL NAME
Personal name Sivaraman, M.s
245 ## - TITLE STATEMENT
Title Farmers of India, V.2 : Madras, Andhra Pradesh, Mysore and Kerala
260 ## - PUBLICATION, DISTRIBUTION, ETC. (IMPRINT)
Place of publication, distribution, etc. Newdelhi, I C A R
260 ## - PUBLICATION, DISTRIBUTION, ETC. (IMPRINT)
Date of publication, distribution, etc. 1961
300 ## - PHYSICAL DESCRIPTION
Extent 428
650 ## - SUBJECT ADDED ENTRY--TOPICAL TERM
Topical term or geographic name as entry element Indian farmers
942 ## - ADDED ENTRY ELEMENTS (KOHA)
Koha item type Books (General)
Holdings
Withdrawn status Lost status Damaged status Not for loan Home library Current library Date acquired Total Checkouts Full call number Barcode Date last seen Price effective from Koha item type
        College of Agriculture, Vellayani College of Agriculture, Vellayani 02/05/2014   305.509 54 FAR.02 KAU_COAV-4527 02/05/2014 02/05/2014 Books (General)
Kerala Agricultural University Central Library
Thrissur-(Dt.), Kerala Pin:- 680656, India
Ph : (+91)(487) 2372219
E-mail: librarian@kau.in
Website: http://library.kau.in/